000 00359pam a2200157a 44500
008 230515b2010 xxu||||| |||| 00| 0 eng d
020 _aNULL
041 _aENGLISH
082 _a610.7361
100 _aLINDA P URDEM KATHLEEN MS TACY
245 _aTHELAN'S CRITICAL CARE
250 _a2004
260 _a
_bMOSBEY
_c2010
300 _a198
650 _aNULL
999 _c526567
_d526567